Lend me your ears : (Record no. 186692)

000 -LEADER
fixed length control field 01034 a2200205 4500
003 - CONTROL NUMBER IDENTIFIER
control field Nust
005 - DATE AND TIME OF LATEST TRANSACTION
control field 20230123111234.0
010 ## - LIBRARY OF CONGRESS CONTROL NUMBER
LC control number 96043423
020 ## - INTERNATIONAL STANDARD BOOK NUMBER
International Standard Book Number 0393040054
040 ## - CATALOGING SOURCE
Transcribing agency Nust
082 00 - DEWEY DECIMAL CLASSIFICATION NUMBER
Classification number 808.85,SAF
245 00 - TITLE STATEMENT
Title Lend me your ears :
Remainder of title great speeches in history /
Statement of responsibility, etc. selected and introduced by William Safire.
250 ## - EDITION STATEMENT
Edition statement Rev. and expanded ed.
260 ## - PUBLICATION, DISTRIBUTION, ETC.
Place of publication, distribution, etc. New York :
Name of publisher, distributor, etc. W.W. Norton,
Date of publication, distribution, etc. c1997.
300 ## - PHYSICAL DESCRIPTION
Extent 1055 p. ;
Dimensions 25 cm.
505 ## - FORMATTED CONTENTS NOTE
Formatted contents note Memorials and Patriotic Speeches (Page-29), War ad Revolution Speeches (Page-79), Tributes and Eulogies (Page-159), Debates and Argumentation (Page-239), Trials (Page-317), Gallows and Farewell Speeches (Page-367), Sermons (Page-425), Inspirational Speeches (Page-509), Lectures and Instructive Speeches (Page-545), Speeches of Social Responsibility (Page-597), Media Speeches (Page-705), Political Speeches (Page-779), Commencement Speeches (Page-987).
650 #0 - SUBJECT ADDED ENTRY--TOPICAL TERM
Topical term or geographic name entry element Speeches, addresses, etc.
9 (RLIN) 107378
700 1# - ADDED ENTRY--PERSONAL NAME
Personal name Safire, William,
Dates associated with a name 1929-2009.
9 (RLIN) 107379
942 ## - ADDED ENTRY ELEMENTS (KOHA)
Source of classification or shelving scheme
Koha item type Book
Holdings
Withdrawn status Lost status Source of classification or shelving scheme Damaged status Not for loan Permanent Location Current Location Shelving location Date acquired Total Checkouts Full call number Barcode Date last seen Date last checked out Price effective from Koha item type Public note
          Military College of Signals (MCS) Military College of Signals (MCS) General Stacks 12/12/2016 1 808.85,SAF MCS27362 01/01/2025 12/18/2024 12/12/2016 Book Almirah No.57, Shelf No.3
© 2023 Central Library, National University of Sciences and Technology. All Rights Reserved.